Nemzetközi vasúti tanácskozás Szegeden
Elmentve itt :
| Dokumentumtípus: | Cikk |
|---|---|
| Megjelent: |
1978-05-17
|
| Sorozat: | Délmagyarország
68 No. 114 |
| Kulcsszavak: | vasutak, MÁV |
| Online Access: | http://dmarchiv.bibl.u-szeged.hu/110268 |
| LEADER | 00412nab a2200145 i 4500 | ||
|---|---|---|---|
| 001 | delm110268 | ||
| 005 | 20190517113053.0 | ||
| 008 | 190517s1978 hu o 0|| hun d | ||
| 040 | |a SZTE Délmagyarország Archívum |b hun | ||
| 041 | |a hun | ||
| 245 | 0 | 0 | |a Nemzetközi vasúti tanácskozás Szegeden |h [elektronikus dokumentum] |
| 260 | |c 1978-05-17 | ||
| 300 | |a 5 | ||
| 490 | 0 | |a Délmagyarország |v 68 No. 114 | |
| 695 | |a vasutak, MÁV | ||